| 000 | 00572nam a2200217Ia 4500 | ||
|---|---|---|---|
| 003 | GCL | ||
| 008 | 140319s9999 xx 000 0 eng d | ||
| 040 |
_aGCL / _cGCL |
||
| 082 | 0 | 4 |
_a920 _bK L |
| 100 | 1 | _aJAHIZ, AMER IBN BAHR | |
| 245 | 1 | 0 |
_aLE LIVRE DES AVARES / _cJAHIZ, AMER IBN BAHR |
| 700 | 1 | _aKILIO, ABDELFATTAH | |
| 260 |
_a[S.N] : _bMAISONNEUVE ET LAROSE ، _c1997 |
||
| 300 | _a397 P | ||
| 650 | 0 | 4 | _aBIOGRAPHY |
| 650 | 0 | 4 | _aAUTOBIOGRAPHY |
| 650 | 0 | 4 | _aWOMEN - BIOGRAPHIES |
| 650 | 0 | 4 | _aMEN - BIOGRAPHIES |
| 650 | 0 | 4 | _aARABIC RHETORIC |
| 942 |
_2ddc _cBK |
||
| 999 |
_c16145 _d16145 |
||